000
00314nam a2200121Ia 4500
008
231120s2018 xx 000 0 und d
041
_a
eng
082
_a
751.42
100
_a
GRAHAME BOOTH
245
_a
THE PAINT PAD ARTIST: WATERCOLOUR LANDSCAPES
260
_a
SEARCH PRESS
_b
SEARCH PRESS
_c
2018
300
_a
P-96
999
_c
933353
_d
933353